| 000 | 00599cam a2200241 4500 | ||
|---|---|---|---|
| 008 | 000000n2000 000 0 eng u | ||
| 020 | _a056608225X | ||
| 035 | _a(Sirsi) u106597 | ||
| 041 | _aeng | ||
| 050 | _a658.404 | ||
| 100 | _aLock, Dennis | ||
| 245 | _aProject management. | ||
| 250 | _a7th ed. | ||
| 260 |
_aAldershot _bGower _c2000 |
||
| 300 | _axxi, 613p. ; 24cm. | ||
| 350 | _a19.95 | ||
| 650 | _aCOMPUTERS | ||
| 650 | _aCOST ESTIMATING | ||
| 650 |
_aCost management _96233 |
||
| 650 | _aMANAGEMENT-PROJECT MANAGEMENT | ||
| 690 |
_aProject management _96261 |
||
| 942 | _n0 | ||
| 999 |
_c100588 _d100588 |
||